00786 a2200193 4500003000400000005001700004008004100021020001800062040000900080082001800089100003000107245006300137260004000200300000900240942004200249952014800291952013600439999001700575OSt20231107144657.0231107b |||||||| |||| 00| 0 eng d a9788194716198 coclc a954.83bEER/M aEerattupetta, Jafar99852 aMalu: Malabar Samarathinte Penkaruth /cJafar Eerattupetta aKerala:bYuvatha book house,c2021. a121p 2ddccBKh954.83iEER/Mk954.83mEER/M 00102ddc40708HISTORYaMESbMEScISLd2024-01-05l1o954.83 EER/Mp44401r2025-01-24 09:35:40s2025-01-10t2v150.00w2024-01-05yBKzGL44R3 00102ddc40708HISTORYaMESbMEScISLd2024-01-05l0o954.83 EER/Mp44400r2024-01-05 13:39:51t1v150.00w2024-01-05yBKzGL44R3 c42859d42859